ASOIAF - House Founders - Statistics

General Stats
  • This quiz has been taken 103 times
  • The average score is 4 of 11
Answer Stats
House Origin % Correct
Stark Bran the Builder
89%
Lannister Lann the Clever
76%
Baratheon Orys Baratheon
76%
Targaryen Dragonlords of Old ValyriaAenar Targaryen
50%
Arryn Artys I Arryn
32%
Florent Florys the Fox
24%
Greyjoy The Grey King
20%
Martell Morgan Martell
15%
Redwyne Gilbert of the Vines
13%
Tyrell Alester Tyrell
12%
Beesbury Ellen Ever Sweet
12%
No matching quizzes found
Score Distribution
Percent of People with Each Score
Percentile by Number Answered
Your Score History
You have not taken this quiz